Effect of different plant extract on yield andseed quality of country bean / (Record no. 16114)

MARC details
000 -LEADER
fixed length control field 01084nam a22002537a 4500
003 - CONTROL NUMBER IDENTIFIER
control field BD-DhSAU
005 - DATE AND TIME OF LATEST TRANSACTION
control field 20221001155729.0
008 - FIXED-LENGTH DATA ELEMENTS--GENERAL INFORMATION
fixed length control field 150612b2021 bg ad||| m||| 00| 0 eng d
040 ## - CATALOGING SOURCE
Original cataloging agency BD-DhSAU
082 ## - DEWEY DECIMAL CLASSIFICATION NUMBER
Edition number 22
Classification number 631.521
Item number R1124
100 ## - MAIN ENTRY--PERSONAL NAME
Personal name RABBI, KAZI MOHAMMAD
Relator term Registration No. # 13-05503
245 ## - TITLE STATEMENT
Title Effect of different plant extract on yield andseed quality of country bean /
Remainder of title MS thesis
260 ## - PUBLICATION, DISTRIBUTION, ETC. (IMPRINT)
Place of publication, distribution, etc. Sher-e-Bangla Agricultural University,
Name of publisher, distributor, etc. Institute of Seed Technology,
Date of publication, distribution, etc. 2021
300 ## - PHYSICAL DESCRIPTION
Extent ix, 79p.
Other physical details ill. ;
Dimensions 30 cm.
500 ## - GENERAL NOTE
General note MS thesis of Department of seed techonology, Faculty of Agriculture, Sher-e-Bangla Agricultural University, Dhaka, Bangladesh
504 ## - BIBLIOGRAPHY, ETC. NOTE
Bibliography, etc Includes bibliographical reference.
590 ## - Name of Cataloguer
Name of Cataloger nazmul <br/>
650 ## - SUBJECT ADDED ENTRY--TOPICAL TERM
Topical term or geographic name as entry element seed quality
650 ## - SUBJECT ADDED ENTRY--TOPICAL TERM
Topical term or geographic name as entry element country bean
700 ## - ADDED ENTRY--PERSONAL NAME
Relator term Superviser
Fuller form of name Prof. Dr. Ayesha Akter
700 ## - ADDED ENTRY--PERSONAL NAME
Relator term Co-superviser
Fuller form of name Prof. Dr. Md. Ismail Hossain
856 ## - ELECTRONIC LOCATION AND ACCESS
Uniform Resource Identifier <a href="http://archive.saulibrary.edu.bd:8080/xmlui/handle/123456789/4263">http://archive.saulibrary.edu.bd:8080/xmlui/handle/123456789/4263</a>
942 ## - ADDED ENTRY ELEMENTS (KOHA)
Source of classification or shelving scheme Dewey Decimal Classification
Koha item type MS Level Thesis
Holdings
Withdrawn status Lost status Source of classification or shelving scheme Damaged status Not for loan Collection code Home library Branch Name Date acquired Total Checkouts Full call number Barcode Date last seen Price effective from Koha item type
    Dewey Decimal Classification   Not For Loan Reference SAU Library SAU Library 01/10/2022   631.521 R1124 44049 01/10/2022 01/10/2022 MS Level Thesis